00473nam a22001692 4500001001100000005001700011008004100028020001700069040001500086100003500101245004900136250001300185260003400198300002000232650004800252852000300300000002047820151217152215.0110919s xx 000 0 eng d a0521837163 : aKABUcKABU1 aGoldsmith, Andrea.@000018075610aWireless communications /cAndrea Goldsmith. a1st ed. aCambridge :bC. U. P.,c2005. axxxiii, 644 p. 0aWireless communication systems.@00001510971